[Event "Yerevan Asrian Memorial 9th"]
[Site "Yerevan"]
[Date "2016.06.18"]
[Round "3"]
[White "Vardanian, Haik G"]
[Black "Korniyuk, Mariya"]
[Result "1-0"]
[WhiteElo "2355"]
[BlackElo "2082"]
[PlyCount "89"]
[EventDate "2016.06.16"]
[EventType "swiss"]
[EventRounds "9"]
[EventCountry "ARM"]
[SourceTitle "CBM 173 Extra"]
[Source "ChessBase"]
[SourceDate "2016.08.29"]
[SourceVersion "1"]
[SourceVersionDate "2016.08.29"]
[SourceQuality "1"]

1. Nf3 Nf6 2. b3 e6 3. Bb2 Be7 4. g3 b6 5. Bg2 Bb7 6. c4 d5 7. 0-0 0-0 8. cxd5 exd5 9. d4 Nbd7 10. Ne5 Ne4 11. Nd3 Re8 12. Nd2 Bf6 13. Rc1 Rc8 14. Rc2 c5 15. dxc5 Bxb2 16. Nxe4 dxe4 17. Nxb2 Nxc5 18. Nc4 Qxd1 19. Rxd1 Rcd8 20. Rdc1 Ne6 21. Kf1 f6 22. Ne3 g6 23. Ke1 Re7 24. h4 h5 25. Bf1 Kf7 26. Nc4 Nc5 27. Rc3 Red7 28. b4 Ne6 29. Bh3 Bd5 30. e3 b5 31. Nd2 f5 32. Ra3 Rb7 33. Bf1 Nc7 34. Be2 Ke6 35. f3 Ne8 36. fxe4 fxe4 37. Rc5 Nd6 38. Ra6 Ke5 39. Nb3 Rb6 40. Rxa7 Nc4 41. Bxc4 bxc4 42. Nd4 Kf6 43. b5 Be6 44. a4 Rbd6 45. a5 1-0

[Event "Krakow Malopolski-ch"]
[Site "Krakow"]
[Date "2015.05.01"]
[Round "6"]
[White "Korniyuk, Mariya"]
[Black "Mucha, Roman"]
[Result "0-1"]
[WhiteElo "2144"]
[BlackElo "2203"]
[PlyCount "80"]
[EventDate "2015.04.26"]
[EventType "swiss"]
[EventRounds "9"]
[EventCountry "POL"]
[SourceTitle "CBM 166 Extra"]
[Source "ChessBase"]
[SourceDate "2015.06.18"]
[SourceVersion "1"]
[SourceVersionDate "2015.06.18"]
[SourceQuality "1"]

1. e4 e6 2. d4 d5 3. Nc3 Bb4 4. e5 c5 5. dxc5 Nc6 6. Nf3 Nge7 7. Bd3 d4 8. a3 Ba5 9. b4 Nxb4 10. axb4 Bxb4 11. 0-0 Bxc3 12. Rb1 h6 13. Qe2 Qc7 14. Nd2 Bxd2 15. Bxd2 Bd7 16. Qe4 Bc6 17. Qxd4 Rd8 18. Qa1 Qb8 19. Rfe1 0-0 20. Rb4 Nf5 21. Bxf5 exf5 22. Bf4 Qc8 23. e6 fxe6 24. Bd6 Rfe8 25. Qxa7 Qd7 26. Qa1 Qf7 27. Rb3 Kh7 28. Qe5 Ra8 29. Ra1 Rxa1+ 30. Qxa1 e5 31. Qd1 f4 32. Qd2 Qg6 33. f3 e4 34. fxe4 Rxe4 35. g3 Rc4 36. Bxf4 Rxc2 37. Qd6 Qf5 38. Re3 Rg2+ 39. Kf1 Qb1+ 40. Re1 Qb5+ 0-1

[Event "Krakow Malopolski-ch"]
[Site "Krakow"]
[Date "2015.04.29"]
[Round "4"]
[White "Korniyuk, Mariya"]
[Black "Goslawski, Michal"]
[Result "1/2-1/2"]
[WhiteElo "2144"]
[BlackElo "2151"]
[PlyCount "87"]
[EventDate "2015.04.26"]
[EventType "swiss"]
[EventRounds "9"]
[EventCountry "POL"]
[SourceTitle "CBM 166 Extra"]
[Source "ChessBase"]
[SourceDate "2015.06.18"]
[SourceVersion "1"]
[SourceVersionDate "2015.06.18"]
[SourceQuality "1"]

1. e4 e6 2. d4 d5 3. Nc3 Bb4 4. e5 Ne7 5. a3 Bxc3+ 6. bxc3 c5 7. Qg4 Kf8 8. Bd3 Qa5 9. Bd2 Qa4 10. Kd1 b6 11. h4 Ba6 12. Rh3 Bxd3 13. Rxd3 Nbc6 14. Nf3 h5 15. Qf4 Nf5 16. dxc5 Qxf4 17. Bxf4 bxc5 18. Rb1 c4 19. Rd2 Rb8 20. Rxb8+ Nxb8 21. Ke2 Nc6 22. Rd1 Ke7 23. Rb1 Rb8 24. Rxb8 Nxb8 25. Nd4 Nxd4+ 26. cxd4 Nc6 27. c3 f6 28. f3 f5 29. Bc1 Kf7 30. Ke3 Ne7 31. Kf4 a5 32. Kg5 g6 33. Kh6 a4 34. Bg5 Nc6 35. Kh7 Na7 36. Bc1 Nb5 37. Bb2 Na7 38. Bc1 Nc6 39. Bg5 Na5 40. Bc1 Nb3 41. Bb2 Nd2 42. Bc1 Nb1 43. Bb2 Nd2 44. Bc1 1/2-1/2

[Event "Krakow Malopolski-ch"]
[Site "Krakow"]
[Date "2015.04.26"]
[Round "1"]
[White "Wieczorek, Jakub"]
[Black "Korniyuk, Mariya"]
[Result "0-1"]
[WhiteElo "1766"]
[BlackElo "2144"]
[PlyCount "96"]
[EventDate "2015.04.26"]
[EventType "swiss"]
[EventRounds "9"]
[EventCountry "POL"]
[SourceTitle "CBM 166 Extra"]
[Source "ChessBase"]
[SourceDate "2015.06.18"]
[SourceVersion "1"]
[SourceVersionDate "2015.06.18"]
[SourceQuality "1"]

1. c4 Nf6 2. g3 g6 3. Bg2 Bg7 4. Nc3 0-0 5. e4 e5 6. Nge2 Nc6 7. 0-0 d6 8. h3 Nd7 9. d3 Nc5 10. a3 a5 11. b3 Bd7 12. Rb1 Ne6 13. Kh2 Ncd4 14. Nxd4 exd4 15. Ne2 c6 16. f4 f5 17. Re1 fxe4 18. Bxe4 Nc5 19. Ng1 Nxe4 20. Rxe4 c5 21. Rb2 Bc6 22. Re1 Qd7 23. Rbe2 Rfe8 24. Bd2 b6 25. Rxe8+ Rxe8 26. Nf3 Bb7 27. Kg2 Kf7 28. Rxe8 Qxe8 29. Qe1 Qxe1 30. Bxe1 Bc6 31. Kf2 h6 32. Ke2 a4 33. b4 b5 34. cxb5 Bxb5 35. bxc5 dxc5 36. Nd2 Ke6 37. Nc4 Bxc4 38. dxc4 Kf5 39. Kd3 h5 40. h4 Bf6 41. Bf2 Bd8 42. Be1 Bc7 43. Bd2 Kg4 44. Ke4 Kxg3 45. f5 gxf5+ 46. Kxf5 Kxh4 47. Be1+ Bg3 48. Ba5 Kh3 0-1

[Event "Krakow op-A 25th"]
[Site "Krakow"]
[Date "2015.01.04"]
[Round "9"]
[White "Korniyuk, Mariya"]
[Black "Kulon, Klaudia"]
[Result "1-0"]
[WhiteElo "2126"]
[BlackElo "2332"]
[PlyCount "109"]
[EventDate "2014.12.27"]
[EventType "swiss"]
[EventRounds "9"]
[EventCountry "POL"]
[SourceTitle "CBM 164 Extra"]
[Source "ChessBase"]
[SourceDate "2015.03.02"]
[SourceVersion "1"]
[SourceVersionDate "2015.03.02"]
[SourceQuality "1"]

1. e4 e5 2. Nf3 Nc6 3. Bb5 a6 4. Ba4 d6 5. c3 Bd7 6. d4 g6 7. 0-0 Bg7 8. Re1 h6 9. Be3 b5 10. Bb3 Nf6 11. dxe5 dxe5 12. Bc5 Bg4 13. Nbd2 Na5 14. Nxe5 Nxb3 15. Qxb3 Be6 16. Qc2 Nh5 17. Nef3 Nf4 18. Re3 Bd7 19. Nb3 Ne6 20. Rd1 Qc8 21. Nfd4 Nd8 22. f4 Nb7 23. e5 Bg4 24. Rd2 a5 25. e6 a4 26. exf7+ Kxf7 27. Re7+ Kg8 28. Qxg6 Rh7 29. Nc6 Qf8 30. Nbd4 Nxc5 31. Qxg4 Kh8 32. Rde2 a3 33. b4 Nd3 34. Ne6 Qf6 35. Nxg7 Rxg7 36. Qxg7+ Qxg7 37. Rxg7 Kxg7 38. g3 Kf6 39. Kg2 Nc1 40. Rc2 Nd3 41. Rd2 Nb2 42. Kf3 Nc4 43. Re2 Nb6 44. Re5 Na4 45. Re3 Kf7 46. g4 Re8 47. Ne5+ Kg7 48. Rd3 Kf6 49. h4 Re6 50. Ke4 c5 51. g5+ hxg5 52. hxg5+ Kg7 53. f5 Re8 54. f6+ Kf8 55. Rh3 1-0

[Event "Krakow op-A 25th"]
[Site "Krakow"]
[Date "2014.12.31"]
[Round "6"]
[White "Kowalczyk, Rafal"]
[Black "Korniyuk, Mariya"]
[Result "0-1"]
[WhiteElo "2180"]
[BlackElo "2126"]
[PlyCount "118"]
[EventDate "2014.12.27"]
[EventType "swiss"]
[EventRounds "9"]
[EventCountry "POL"]
[SourceTitle "CBM 164 Extra"]
[Source "ChessBase"]
[SourceDate "2015.03.02"]
[SourceVersion "1"]
[SourceVersionDate "2015.03.02"]
[SourceQuality "1"]

1. e4 e5 2. Nf3 Nc6 3. d4 exd4 4. Nxd4 Bb4+ 5. c3 Bc5 6. Nb3 Bb6 7. Qe2 d6 8. g3 Nf6 9. Bg2 0-0 10. 0-0 Bg4 11. Qc2 Qd7 12. Bg5 Nh5 13. Kh1 Bh3 14. Qe2 g6 15. Na3 f6 16. Bh6 Rf7 17. Nc4 Re8 18. Qd3 Ne5 19. Nxe5 Rxe5 20. Nd2 Ng7 21. Bxg7 Kxg7 22. Bxh3 Qxh3 23. Qf3 f5 24. Qg2 Qxg2+ 25. Kxg2 fxe4 26. Nc4 Ref5 27. Nxb6 axb6 28. Rad1 h5 29. Rd4 d5 30. c4 c6 31. h4 R7f6 32. Kg1 Rd6 33. Rfd1 Re5 34. b4 Kf6 35. Kf1 c5 36. bxc5 bxc5 37. R4d2 d4 38. Rb2 Ra6 39. Rdb1 d3 40. Ke1 Ra4 41. Rc1 Re6 42. Kd2 Ke5 43. Ke3 Rf6 44. f4+ Kf5 45. Rh2 Rfa6 46. Ra1 Rxc4 47. g4+ hxg4 48. h5 g3 49. Rg2 Rc2 50. Rxc2 dxc2 51. h6 Rxa2 52. Rh1 Ra8 53. Rc1 Ra3+ 54. Ke2 Kxf4 55. Rxc2 b6 56. Rb2 g2 57. Kf2 Rh3 58. Rxb6 Rxh6 59. Rc6 Rh5 0-1

[Event "Krakow op-A 25th"]
[Site "Krakow"]
[Date "2014.12.27"]
[Round "1"]
[White "Korniyuk, Mariya"]
[Black "Martins, David Pires Tavares"]
[Result "0-1"]
[WhiteElo "2126"]
[BlackElo "2345"]
[PlyCount "106"]
[EventDate "2014.12.27"]
[EventType "swiss"]
[EventRounds "9"]
[EventCountry "POL"]
[SourceTitle "CBM 164 Extra"]
[Source "ChessBase"]
[SourceDate "2015.03.02"]
[SourceVersion "1"]
[SourceVersionDate "2015.03.02"]
[SourceQuality "1"]

1. e4 d6 2. d4 Nf6 3. Nc3 g6 4. f4 Bg7 5. Nf3 0-0 6. Bd3 Nc6 7. 0-0 e5 8. d5 Nd4 9. fxe5 dxe5 10. Bg5 Bg4 11. Qd2 Bxf3 12. gxf3 Qd6 13. Nd1 c6 14. c3 Nb5 15. Bxb5 Qc5+ 16. Ne3 Qxb5 17. c4 Qb6 18. Kh1 cxd5 19. cxd5 Nd7 20. Rac1 f6 21. Nc4 Qa6 22. Be3 f5 23. Qa5 fxe4 24. Qxa6 bxa6 25. fxe4 Rxf1+ 26. Rxf1 Rc8 27. Nd6 Rc2 28. Rf2 Rc7 29. b3 Rc3 30. Bxa7 Nf6 31. Bb6 Nh5 32. Ba5 Rd3 33. Bd2 Bf8 34. Nc4 Rd4 35. Re2 Nf4 36. Bxf4 exf4 37. Kg2 g5 38. Rd2 Rxd2+ 39. Nxd2 g4 40. e5 Kf7 41. h3 h5 42. hxg4 hxg4 43. Nc4 Kg6 44. d6 Kf5 45. a4 Bh6 46. b4 f3+ 47. Kg3 Bf4+ 48. Kf2 Bg5 49. b5 axb5 50. axb5 Kf4 51. b6 g3+ 52. Kg1 g2 53. Nd2 Bd8 0-1

[Event "Voronezh op 16th"]
[Site "Voronezh"]
[Date "2012.06.12"]
[Round "1"]
[White "Korniyuk, Mariya"]
[Black "Peskov, Alexsey"]
[Result "0-1"]
[WhiteElo "2124"]
[BlackElo "2394"]
[PlyCount "82"]
[EventDate "2012.06.12"]
[EventType "swiss"]
[EventRounds "9"]
[EventCountry "RUS"]
[SourceTitle "CBM 149 Extra"]
[Source "ChessBase"]
[SourceDate "2012.08.24"]
[SourceVersion "1"]
[SourceVersionDate "2012.08.24"]
[SourceQuality "1"]

1. e4 c6 2. d4 d5 3. exd5 cxd5 4. c4 Nf6 5. Nc3 e6 6. Nf3 Bb4 7. a3 Bxc3+ 8. bxc3 0-0 9. Qc2 Qc7 10. cxd5 exd5 11. Be2 Bf5 12. Qb2 Ne4 13. Bd2 Nc6 14. 0-0 Na5 15. Rac1 Rac8 16. Be1 Bg4 17. Qb5 Rfd8 18. a4 a6 19. Qd3 Nc4 20. h3 Bh5 21. Qc2 Bxf3 22. Bxf3 Re8 23. Be2 Ned2 24. Bxc4 Nxc4 25. Qf5 Qc6 26. Rb1 Re6 27. Qd3 Re7 28. Bd2 Qxa4 29. Bf4 Rce8 30. Qf5 Qc6 31. Rfd1 b6 32. Rd3 Qg6 33. Qxg6 Re1+ 34. Kh2 hxg6 35. Rb3 R8e2 36. Rf3 f6 37. h4 Kf7 38. Kg3 b5 39. Rb4 Ra2 40. Rb3 Rb2 41. Rxb2 Nxb2 0-1

[Event "St Petersburg Botvinnik 100 op"]
[Site "St Petersburg"]
[Date "2011.08.13"]
[Round "2"]
[White "Korniyuk, Mariya"]
[Black "Bezobrazov, Lev"]
[Result "1-0"]
[WhiteElo "2104"]
[BlackElo "1689"]
[PlyCount "61"]
[EventDate "2011.08.12"]
[EventType "swiss"]
[EventRounds "9"]
[EventCountry "RUS"]
[SourceTitle "CBM 143 Extra"]
[Source "ChessBase"]
[SourceDate "2011.08.29"]
[SourceVersion "1"]
[SourceVersionDate "2011.08.29"]
[SourceQuality "1"]

1. e4 Nf6 2. e5 Nd5 3. c4 Nb6 4. c5 Nd5 5. Bc4 e6 6. d4 d6 7. cxd6 cxd6 8. Nf3 Nb6 9. Bd3 dxe5 10. Nxe5 Bb4+ 11. Nc3 N8d7 12. 0-0 0-0 13. Qe2 Nf6 14. Rd1 a6 15. Bg5 h6 16. Bh4 Kh8 17. Ne4 Nbd5 18. Nxf6 Nxf6 19. Rac1 Be7 20. Bb1 Nd5 21. Qd3 f5 22. Ng6+ Kg8 23. Bxe7 Nxe7 24. Nxf8 Kxf8 25. a3 b6 26. Ba2 Qd6 27. d5 e5 28. Qc3 Ra7 29. Qb4 Qd7 30. d6 Ng8 31. Rxc8+ 1-0

[Event "Myrhorod op"]
[Site "Myrhorod"]
[Date "2011.07.12"]
[Round "6"]
[White "Anatskiy, Alexey"]
[Black "Korniyuk, Mariya"]
[Result "1/2-1/2"]
[WhiteElo "1998"]
[BlackElo "2104"]
[PlyCount "79"]
[EventDate "2011.07.09"]
[EventType "swiss"]
[EventRounds "9"]
[EventCountry "UKR"]
[SourceTitle "CBM 143 Extra"]
[Source "ChessBase"]
[SourceDate "2011.08.29"]
[SourceVersion "1"]
[SourceVersionDate "2011.08.29"]
[SourceQuality "1"]

1. d4 g6 2. g3 Bg7 3. Bg2 f5 4. e3 Nf6 5. Ne2 0-0 6. 0-0 d6 7. b3 Nc6 8. Bb2 Qe8 9. c4 e5 10. d5 Nd8 11. Nbc3 Bd7 12. Qc2 a6 13. Rfe1 g5 14. f3 Qh5 15. Qd2 Nf7 16. b4 Rae8 17. Rad1 Nh6 18. a3 Re7 19. Nc1 Ref7 20. Rf1 f4 21. exf4 exf4 22. gxf4 g4 23. Nd3 gxf3 24. Bxf3 Bg4 25. Qf2 Nf5 26. Kh1 Nh4 27. Bxg4 Nxg4 28. Qe2 Qf5 29. Qe6 Qh5 30. Qe2 Qf5 31. Qe6 Ng6 32. h3 Nh6 33. Qxf5 Nxf5 34. Rf3 Ngh4 35. Rf2 Bd4 36. Rfd2 Rg7 37. Ne4 Nf3 38. Bxd4 N5xd4 39. Rg2 h6 40. c5 1/2-1/2

[Event "Myrhorod op"]
[Site "Myrhorod"]
[Date "2011.07.11"]
[Round "5"]
[White "Korniyuk, Mariya"]
[Black "Tikhomirov, Alexey"]
[Result "0-1"]
[WhiteElo "2104"]
[BlackElo "2222"]
[PlyCount "136"]
[EventDate "2011.07.09"]
[EventType "swiss"]
[EventRounds "9"]
[EventCountry "UKR"]
[SourceTitle "CBM 143 Extra"]
[Source "ChessBase"]
[SourceDate "2011.08.29"]
[SourceVersion "1"]
[SourceVersionDate "2011.08.29"]
[SourceQuality "1"]

1. e4 e5 2. Nf3 Nc6 3. Bb5 a6 4. Ba4 b5 5. Bb3 Na5 6. 0-0 Nxb3 7. axb3 d6 8. d4 f6 9. d5 g6 10. Bd2 Nh6 11. c4 Rb8 12. Qc1 Nf7 13. Na3 f5 14. Re1 Be7 15. Nc2 bxc4 16. bxc4 0-0 17. Nb4 Rb6 18. Nc6 Qe8 19. Ba5 Rxc6 20. dxc6 fxe4 21. Rxe4 Qxc6 22. Re1 Bb7 23. Re2 Ng5 24. Ne1 Nh3+ 25. Kf1 Nf4 26. f3 Nxe2 27. Kxe2 Rf4 28. b3 Rh4 29. h3 d5 30. cxd5 Qb5+ 31. Kf2 Qxd5 32. Bxc7 Rb4 33. Kg1 Rxb3 34. Kh1 e4 35. Ra5 Rb5 36. Rxb5 axb5 37. Bf4 b4 38. fxe4 Qxe4 39. Nf3 b3 40. Be5 Qf5 41. Qe3 Bd5 42. Qb6 Bf8 43. Qb5 Qe6 44. Kg1 Qc6 45. Qd3 Qc4 46. Qd1 Qc5+ 47. Bd4 Qc2 48. Qa1 Be4 49. Qa6 Qc6 50. Qf1 Qd5 51. Bb2 Bc5+ 52. Kh1 Qd3 53. Qxd3 Bxd3 54. Nd2 Bc2 55. g4 Bb4 56. Nc4 Kf7 57. Kg2 Ke6 58. Kf3 Bd3 59. Ne5 Bf1 60. h4 Bb5 61. Ke3 Kd5 62. Nf3 Bc5+ 63. Kf4 Be2 64. Nd2 Bd1 65. h5 g5+ 66. Kf5 Be3 67. Nf1 Bc2+ 68. Kf6 Bd4+ 0-1

[Event "Rodatychi 03"]
[Site "Rodatychi"]
[Date "2011.03.26"]
[Round "8"]
[White "Korniyuk, Mariya"]
[Black "Bortnyk, Olexandr"]
[Result "0-1"]
[WhiteElo "2104"]
[BlackElo "2338"]
[PlyCount "62"]
[EventDate "2011.03.20"]
[EventType "tourn"]
[EventRounds "9"]
[EventCountry "UKR"]
[EventCategory "1"]
[SourceTitle "CBM 141 Extra"]
[Source "ChessBase"]
[SourceDate "2011.05.03"]
[SourceVersion "1"]
[SourceVersionDate "2011.05.03"]
[SourceQuality "1"]

1. e4 c5 2. Nc3 e6 3. g3 d5 4. exd5 exd5 5. Bg2 Nf6 6. Nge2 d4 7. Ne4 Nxe4 8. Bxe4 Bd6 9. d3 Nd7 10. Nf4 Nf6 11. Bf3 0-0 12. 0-0 Rb8 13. a4 Bd7 14. Re1 Bc6 15. Bxc6 bxc6 16. b3 Qd7 17. Qf3 Ng4 18. Kg2 Ne5 19. Qh5 Rbe8 20. Bd2 f6 21. h4 Re7 22. Qd1 g5 23. hxg5 fxg5 24. Nh3 Nf3 25. Rxe7 Bxe7 26. Ng1 g4 27. Bf4 Nh4+ 28. Kf1 h5 29. Qe2 Nf5 30. Re1 Bd6 31. Bxd6 Ne3+ 0-1

[Event "EU-ch U18 Girls"]
[Site "Batumi"]
[Date "2010.09.28"]
[Round "9"]
[White "Motycakova, Monika"]
[Black "Korniyuk, Mariya"]
[Result "1-0"]
[WhiteElo "2072"]
[BlackElo "2126"]
[PlyCount "48"]
[EventDate "2010.09.20"]
[EventType "swiss"]
[EventRounds "9"]
[EventCountry "GEO"]
[SourceTitle "CBM 138 Extra"]
[Source "ChessBase"]
[SourceDate "2010.10.29"]
[SourceVersion "1"]
[SourceVersionDate "2010.10.29"]
[SourceQuality "1"]

1. e4 c6 2. d4 g6 3. Nc3 d5 4. h3 dxe4 5. Nxe4 Bg7 6. Nf3 Nf6 7. Nc5 0-0 8. Be2 Nbd7 9. Nd3 Ne4 10. 0-0 Ndf6 11. c3 b6 12. Nfe5 Bb7 13. Bf3 Re8 14. Re1 c5 15. Be3 cxd4 16. Bxd4 Qc7 17. Qa4 Rad8 18. Rad1 Ba8 19. Nb4 Rd6 20. Na6 Red8 21. Nc4 R6d7 22. Bxf6 Bc6 23. Qb3 Nxf6 24. Bxc6 Qxc6 1-0

[Event "EU-ch U18 Girls"]
[Site "Batumi"]
[Date "2010.09.26"]
[Round "7"]
[White "Sargsyan, Shushanna"]
[Black "Korniyuk, Mariya"]
[Result "1-0"]
[WhiteElo "1986"]
[BlackElo "2126"]
[PlyCount "57"]
[EventDate "2010.09.20"]
[EventType "swiss"]
[EventRounds "9"]
[EventCountry "GEO"]
[SourceTitle "CBM 138 Extra"]
[Source "ChessBase"]
[SourceDate "2010.10.29"]
[SourceVersion "1"]
[SourceVersionDate "2010.10.29"]
[SourceQuality "1"]

1. Nf3 g6 2. d4 Bg7 3. Bf4 c5 4. c3 cxd4 5. cxd4 Nf6 6. Nc3 d6 7. e4 0-0 8. Be2 Nc6 9. Qd2 Re8 10. d5 Nb8 11. a3 Nbd7 12. 0-0 Nc5 13. Qc2 a5 14. Be3 b6 15. Nd4 Bd7 16. Rad1 Rc8 17. Qb1 Qc7 18. Ndb5 Qb8 19. f4 e6 20. dxe6 Rxe6 21. Bc4 Bxb5 22. Bxe6 Bxf1 23. Bxc8 Bd3 24. Rxd3 Nxd3 25. Qxd3 Qxc8 26. Qxd6 b5 27. e5 Ne8 28. Qb6 b4 29. Nd5 1-0

[Event "EU-ch U18 Girls"]
[Site "Batumi"]
[Date "2010.09.24"]
[Round "6"]
[White "Korniyuk, Mariya"]
[Black "Rizhamadze, Patman"]
[Result "1/2-1/2"]
[WhiteElo "2126"]
[BlackElo "2018"]
[PlyCount "62"]
[EventDate "2010.09.20"]
[EventType "swiss"]
[EventRounds "9"]
[EventCountry "GEO"]
[SourceTitle "CBM 138 Extra"]
[Source "ChessBase"]
[SourceDate "2010.10.29"]
[SourceVersion "1"]
[SourceVersionDate "2010.10.29"]
[SourceQuality "1"]

1. e4 c6 2. d4 d5 3. exd5 cxd5 4. c4 Nf6 5. Nc3 e6 6. cxd5 Nxd5 7. Nf3 Bb4 8. Bd2 0-0 9. Bd3 Nc6 10. 0-0 Nf6 11. a3 Be7 12. Bg5 b6 13. Qe2 Bb7 14. Rad1 Kh8 15. Rfe1 Rc8 16. Bb1 Nd5 17. Qd3 g6 18. Bh6 Re8 19. Ne4 Bf8 20. Qd2 Nce7 21. Ne5 Kg8 22. Bg5 f5 23. Nf6+ Nxf6 24. Bxf6 Qd5 25. Nf3 Bg7 26. Re5 Qd7 27. Ba2 Bd5 28. Bxd5 Nxd5 29. Bxg7 Kxg7 30. Rde1 h6 31. g3 Nf6 1/2-1/2

[Event "EU-ch U18 Girls"]
[Site "Batumi"]
[Date "2010.09.23"]
[Round "5"]
[White "Olsarova, Karolina"]
[Black "Korniyuk, Mariya"]
[Result "1/2-1/2"]
[WhiteElo "2203"]
[BlackElo "2126"]
[PlyCount "46"]
[EventDate "2010.09.20"]
[EventType "swiss"]
[EventRounds "9"]
[EventCountry "GEO"]
[SourceTitle "CBM 138 Extra"]
[Source "ChessBase"]
[SourceDate "2010.10.29"]
[SourceVersion "1"]
[SourceVersionDate "2010.10.29"]
[SourceQuality "1"]

1. e4 c6 2. d4 g6 3. Nc3 d5 4. e5 Bg7 5. h3 f6 6. Nf3 Nd7 7. Bf4 fxe5 8. dxe5 Nc5 9. Be2 Nh6 10. 0-0 0-0 11. Bh2 Nf7 12. Re1 Qb6 13. Qd4 Bf5 14. Nh4 Ne4 15. Qxb6 axb6 16. Nxe4 Bxe4 17. Bd3 Ng5 18. Bxe4 Nxe4 19. f3 Ng5 20. f4 Ne4 21. Nf3 Ra4 22. a3 Bh6 23. g3 b5 1/2-1/2

[Event "Kiev Slavjanskoe bratstvo"]
[Site "Kiev"]
[Date "2010.08.27"]
[Round "6"]
[White "Korniyuk, Mariya"]
[Black "Ulasevich, Sergei"]
[Result "0-1"]
[WhiteElo "2070"]
[BlackElo "2157"]
[PlyCount "74"]
[EventDate "2010.06.22"]
[EventType "swiss"]
[EventRounds "9"]
[EventCountry "UKR"]
[SourceTitle "EXT 2011"]
[Source "ChessBase"]
[SourceDate "2010.11.26"]
[SourceVersion "1"]
[SourceVersionDate "2010.11.26"]
[SourceQuality "1"]

1. e4 c5 2. c3 d6 3. d4 Nf6 4. f3 g6 5. Be3 cxd4 6. cxd4 Bg7 7. Nc3 0-0 8. Qd2 a6 9. Nge2 b5 10. g4 Nbd7 11. Ng3 Nb6 12. h4 Nc4 13. Bxc4 bxc4 14. h5 Rb8 15. Rb1 Qa5 16. g5 Nd7 17. Qh2 Re8 18. hxg6 hxg6 19. Qh7+ Kf8 20. Kf2 e6 21. Rh4 Bb7 22. Nge2 Ba8 23. Rf4 e5 24. Rh4 exd4 25. Nxd4 Ne5 26. Kg3 Nd3 27. Nce2 Rxb2 28. Rbh1 Qxa2 29. Ne6+ Ke7 30. Qxg7 Kxe6 31. Rh7 Ne5 32. Qf6+ Kd7 33. Rh8 Rxe2 34. Rxe8 Rg2+ 35. Kh3 Kxe8 36. Qh8+ Ke7 37. Qxa8 Qe2 0-1

[Event "Kiev Independence Cup-A 10th"]
[Site "Kiev"]
[Date "2010.08.17"]
[Round "6"]
[White "Korniyuk, Mariya"]
[Black "Motsar, Irina"]
[Result "1-0"]
[WhiteElo "2070"]
[BlackElo "2133"]
[PlyCount "90"]
[EventDate "2010.08.12"]
[EventType "swiss"]
[EventRounds "11"]
[EventCountry "UKR"]
[SourceTitle "CBM 138 Extra"]
[Source "ChessBase"]
[SourceDate "2010.10.29"]
[SourceVersion "1"]
[SourceVersionDate "2010.10.29"]
[SourceQuality "1"]

1. e4 e5 2. Nf3 Nc6 3. Bb5 a6 4. Ba4 Nf6 5. 0-0 Be7 6. Re1 b5 7. Bb3 0-0 8. c3 d5 9. d3 Bb7 10. Nbd2 dxe4 11. dxe4 Bc5 12. h3 Qe7 13. Qe2 Nh5 14. Nf1 Nf4 15. Bxf4 exf4 16. Bd5 Nd8 17. Rad1 c6 18. Bb3 Ne6 19. Ne5 Ng5 20. Nf3 Bc8 21. Nxg5 Qxg5 22. Qf3 h5 23. Nh2 Ra7 24. Rd2 Re7 25. Kf1 a5 26. Qd1 f3 27. Nxf3 Qf4 28. e5 b4 29. Bc2 bxc3 30. bxc3 Qc4+ 31. Bd3 Qxc3 32. Ng5 g6 33. Rc2 Qd4 34. Re4 Qd5 35. Qe2 Rd8 36. Bc4 Qd1+ 37. Qxd1 Rxd1+ 38. Ke2 Rd4 39. Bxf7+ Rxf7 40. Rxc5 Rxe4+ 41. Nxe4 Be6 42. Rxa5 Rb7 43. Ke3 Kg7 44. Nc5 Re7 45. Nxe6+ Rxe6 1-0